Normal view
MARC view
Entry Topical Term
001 - CONTROL NUMBER
- control field: 47631
003 - CONTROL NUMBER IDENTIFIER
- control field: OSt
005 - DATE AND TIME OF LATEST TRANSACTION
- control field: 20240913112953.0
008 - FIXED-LENGTH DATA ELEMENTS
- fixed length control field: 240913|| aca||aabn | a|a d
040 ## - CATALOGING SOURCE
- Original cataloging agency: OSt
- Transcribing agency: OSt
150 ## - HEADING--TOPICAL TERM
- Topical term or geographic name entry element: Health services, Health-infrastructure, PHCs, CHCs, Doctors & ANMs, Jamui, Bihar.
670 ## - SOURCE DATA FOUND
- Source citation: Work cat.: (OSt): Prakash, Laxmikant Prem 47630, Challenges of public health services in Bihar: A case study of Jamui district
